000 00584nam a2200193Ia 4500
005 20250508162104.0
008 008 250505s9999 xx 000 0 eng d
037 _aTextual
040 _aFEDL
_beng
_cFEDL
041 _aeng
_2eng
084 _a370, STE
_qFEDL
100 _aStent Madelon D.
_9772266
245 0 _aCultural pluralism in education : A mandate for change
260 _aNew York, USA
_bMeredith Corporation
_c1973
300 _axv,167p.
700 _a Hazard William R. Rivlin Harry N.
_9772267
942 _cTEXL
_h370, STE
999 _c1374315
_d1374315